| 000 -LEADER |
| fixed length control field |
00479nam a22001817a 4500 |
| 008 - FIXED-LENGTH DATA ELEMENTS--GENERAL INFORMATION |
| fixed length control field |
150923b xxu||||| |||| 00| 0 eng d |
| 020 ## - INTERNATIONAL STANDARD BOOK NUMBER |
| International Standard Book Number |
9780071105941 |
| 020 ## - INTERNATIONAL STANDARD BOOK NUMBER |
| International Standard Book Number |
0071105948 |
| 041 0# - LANGUAGE CODE |
| Language code of text/sound track or separate title |
eng |
| 080 ## - UNIVERSAL DECIMAL CLASSIFICATION NUMBER |
| Universal Decimal Classification number |
339.138 |
| 245 ## - TITLE STATEMENT |
| Title |
International marketing / |
| Statement of responsibility, etc |
Philip R. Cateora; John L. Graham; |
| 250 ## - |
| -- |
13th ed. |
| 260 ## - |
| -- |
New York: |
| -- |
McGraw-Hill; |
| -- |
2007. |
| 300 ## - |
| -- |
702 f.: |
| -- |
me il.; |
| -- |
24 cm. |
| 650 #0 - |
| -- |
Marketing |
| 650 #0 - |
| -- |
Ndërkombëtar |
| 942 ## - ADDED ENTRY ELEMENTS (KOHA) |
| Source of classification or shelving scheme |
|
| Item type |
Books |